<?xml version="1.0" encoding="UTF-8"?>
<record
    xmlns:xsi="http://www.w3.org/2001/XMLSchema-instance"
    xsi:schemaLocation="http://www.loc.gov/MARC21/slim http://www.loc.gov/standards/marcxml/schema/MARC21slim.xsd"
    xmlns="http://www.loc.gov/MARC21/slim">

  <leader>02907nam a22002897a 4500</leader>
  <controlfield tag="005">20240202143006.0</controlfield>
  <controlfield tag="008">240201b           ||||| |||| 00| 0 eng d</controlfield>
  <datafield tag="020" ind1=" " ind2=" ">
    <subfield code="a">9781118415771</subfield>
  </datafield>
  <datafield tag="040" ind1=" " ind2=" ">
    <subfield code="c">AL</subfield>
  </datafield>
  <datafield tag="041" ind1=" " ind2=" ">
    <subfield code="a">eng</subfield>
  </datafield>
  <datafield tag="082" ind1=" " ind2=" ">
    <subfield code="2">23</subfield>
    <subfield code="a">574.29</subfield>
    <subfield code="b">DELR</subfield>
  </datafield>
  <datafield tag="100" ind1=" " ind2=" ">
    <subfield code="a">Peter J Delves...[et.al]</subfield>
    <subfield code="9">149525</subfield>
  </datafield>
  <datafield tag="245" ind1=" " ind2=" ">
    <subfield code="a">Roitts Essential Immunology</subfield>
  </datafield>
  <datafield tag="250" ind1=" " ind2=" ">
    <subfield code="a">13</subfield>
  </datafield>
  <datafield tag="260" ind1=" " ind2=" ">
    <subfield code="a">UK</subfield>
    <subfield code="b">Wiley Blackwell</subfield>
    <subfield code="c">2017</subfield>
  </datafield>
  <datafield tag="300" ind1=" " ind2=" ">
    <subfield code="a">xv,556p.</subfield>
    <subfield code="b">PB</subfield>
    <subfield code="c">27x22cm,</subfield>
  </datafield>
  <datafield tag="365" ind1=" " ind2=" ">
    <subfield code="a">ABDI/0745/24</subfield>
    <subfield code="b">5388.00</subfield>
    <subfield code="c">$ 82.95</subfield>
    <subfield code="d">7183.47</subfield>
    <subfield code="e">25%</subfield>
    <subfield code="f">25-01-2024</subfield>
  </datafield>
  <datafield tag="520" ind1=" " ind2=" ">
    <subfield code="a">Roitt's Essential Immunology - the textbook of choice for students and instructors of immunology worldwide Roitt&#x2019;s Essential Immunology clearly explains the key principles needed by medical and health sciences students, from the basis of immunity to clinical applications. A brand new introduction sets the scene to section 1, Fundamentals of Immunology, introducing the microbial world and the strategies the body employs to defend itself. Each chapter then guides the reader through a different part of the immune system, and explains the role of each cell or molecule individually, and then as a whole. Section 2, Applied Immunology, discusses what happens when things go wrong, and the role the immune system plays alongside the damaging effects of a disease, including cancer, immunodeficiency, allergies and transplantation and the beneficial effects of vaccines. The 13th edition continues to be a user-friendly and engaging introduction to the workings of the immune system, whilst supporting those who require a slightly more detailed understanding of the key developments in immunology. The content has been fully updated throughout and includes: An expansion on key clinical topics, including: innate immunity, autoimmune conditions, asthma, primary immunodeficiency, and HIV/AIDS Beautifully presented with improved artwork and new illustrations A range of learning features, including introduction re-cap boxes, end of chapter and section summaries to aid revision, as well as further reading suggestions, and a glossary to explain the most important immunology terms. Roitt's Essential Immunology is also supported by a companion website at including: An additional online only chapter on immunological methods and applications Further interactive multiple choice and single best answer questions for each chapter Animations and videos showing key concepts Fully downloadable figures and illustrations, further reading and useful links Updated extracts from the Encyclopaedia of Life Sciences Podcasts to reinforce the key principles explained in the text</subfield>
  </datafield>
  <datafield tag="650" ind1=" " ind2=" ">
    <subfield code="a">Applied Immunology</subfield>
    <subfield code="9">149496</subfield>
  </datafield>
  <datafield tag="650" ind1=" " ind2=" ">
    <subfield code="a">Innate Immunity</subfield>
    <subfield code="9">149497</subfield>
  </datafield>
  <datafield tag="650" ind1=" " ind2=" ">
    <subfield code="a">Tumor Immunology</subfield>
    <subfield code="9">149498</subfield>
  </datafield>
  <datafield tag="700" ind1=" " ind2=" ">
    <subfield code="a">DELVES (Peter J)</subfield>
    <subfield code="9">149499</subfield>
  </datafield>
  <datafield tag="700" ind1=" " ind2=" ">
    <subfield code="a">MARTIN (Seamus J)</subfield>
    <subfield code="9">149500</subfield>
  </datafield>
  <datafield tag="700" ind1=" " ind2=" ">
    <subfield code="a">BURTON (Dennis R)</subfield>
    <subfield code="9">149501</subfield>
  </datafield>
  <datafield tag="700" ind1=" " ind2=" ">
    <subfield code="a">ROITT (Ivan M)</subfield>
    <subfield code="9">149502</subfield>
  </datafield>
  <datafield tag="942" ind1=" " ind2=" ">
    <subfield code="2">ddc</subfield>
    <subfield code="c">BK</subfield>
  </datafield>
  <datafield tag="999" ind1=" " ind2=" ">
    <subfield code="c">229711</subfield>
    <subfield code="d">229711</subfield>
  </datafield>
  <datafield tag="952" ind1=" " ind2=" ">
    <subfield code="0">0</subfield>
    <subfield code="1">0</subfield>
    <subfield code="2">ddc</subfield>
    <subfield code="4">0</subfield>
    <subfield code="7">3</subfield>
    <subfield code="8">BT</subfield>
    <subfield code="a">AL</subfield>
    <subfield code="b">AL</subfield>
    <subfield code="d">2024-01-30</subfield>
    <subfield code="e">Academic Book Distributors, Ramanagaram 562159</subfield>
    <subfield code="g">5388.00</subfield>
    <subfield code="l">0</subfield>
    <subfield code="o">574.29 DELR</subfield>
    <subfield code="p">077071</subfield>
    <subfield code="r">2024-02-01 00:00:00</subfield>
    <subfield code="v">7183.47</subfield>
    <subfield code="w">2024-02-01</subfield>
    <subfield code="y">BK</subfield>
  </datafield>
</record>
